| 000 | 00967nam a2200277 i 4500 | ||
|---|---|---|---|
| 001 | 8235 | ||
| 003 | KOSZ 005 | ||
| 005 | 20201118082215.0 | ||
| 008 | 150119s1950 pl a f f 000 0 pol | ||
| 015 | _aPB 1950/2638 | ||
| 015 | _aPB 1950/4709 | ||
| 015 | _aPB 1951/6216 | ||
| 015 | _aPB 1953/961 | ||
| 015 | _aPB 1953/5429 | ||
| 040 |
_aWA N _cKOSZ 005/RW _dKOSZ 005/RW |
||
| 245 | 0 | 0 |
_aPodręcznik inżyniera elektryka : _bdzieło zbiorowe. _nT. 3 / _cred. Roman Podoski. |
| 260 |
_aWarszawa : _bTrzaska, Evert i Michalski, _c1950. |
||
| 300 |
_a1064, [3] s. : _bil. ; _c20 cm. |
||
| 380 | _aKsiążki. | ||
| 500 | _aT. 3 ukazywał się poszytami. | ||
| 504 | _aBibliografia przy rozdziałach. | ||
| 700 | 1 |
_aPodoski, Roman _d(1873-1954). _eRedakcja |
|
| 710 | 2 |
_aTrzaska, Evert i Michalski (Warszawa) _4pbl. |
|
| 856 |
_uhttp://koha.tu.koszalin.pl/cgi-bin/koha/opac-detail.pl?biblionumber=8235 _yKatalog online BPK |
||
| 942 |
_2UKD _cKS |
||
| 999 |
_c8235 _d8235 |
||